000 00528nam a2200193Ia 4500
003 LK-CoDNM
008 010623t1993 xxu||||| |||| 00| 1 sin d
040 _aLK-CoDNM
_dLK-CoDNM
_eLK-CoDNM
041 _asin
080 _a954MAH
100 _aAbhayagunawardena , W.V.
245 _aමහාවංශ ගීතය
246 _aMahawansa Geetaya
260 _bDepartment of Cultural Affaere
_aColombo
_c1993
300 _b499p, 30 cm
700 _aDissanayaka , Mahanama
700 _aAhubudu , Arisen
_eed.
942 _cBK
999 _c116224
_d116224